000 00598nam a2200217Ia 4500
003 OSt
005 20240516151515.0
008 210719s2007 xx 000 0 und d
040 _cAL
041 _aKannada
082 _a920K CHAA
100 _aCHAYAPATI (T S)
_dಛಾಯಾಪತಿ (ಟಿ ಎಸ್)
_9164890
245 _aAnnana smarane
_bಅಣ್ಣನ ಸ್ಮರಣೆ
260 _aMaisuru
_bPratibha Prakashana
_c2007
300 _a120
_bPB
365 _b45
_cRs
650 _aBiography
_9164891
650 _aBiography
_9164891
906 _aAnnana ; smarane
942 _2ddc
_cBK
999 _c215023
_d215023